[Event "Belgrade-chT Quality"]
[Site "Belgrade"]
[Date "2021.11.14"]
[Round "10.8"]
[White "Milosavljevic, Dusan"]
[Black "Bilic, Milanko"]
[Result "1-0"]
[WhiteElo "2140"]
[BlackElo "1933"]
[PlyCount "57"]
[EventDate "2021.10.16"]
[EventType "team-tourn"]
[EventRounds "11"]
[EventCountry "SRB"]
[SourceTitle "EXT 2023"]
[Source "ChessBase"]
[SourceDate "2022.10.05"]
[SourceVersion "1"]
[SourceVersionDate "2022.10.05"]
[SourceQuality "1"]
[WhiteTeam "Belgrade Polet"]
[BlackTeam "Belgrade Banjica"]
[WhiteTeamCountry "SRB"]
[BlackTeamCountry "SRB"]

1. d4 Nf6 2. c4 g6 3. Nc3 Bg7 4. e4 d6 5. Nf3 0-0 6. Be2 e5 7. 0-0 Nc6 8. d5 Ne7 9. Ne1 Nd7 10. Be3 f5 11. f3 f4 12. Bf2 g5 13. Nd3 Ng6 14. c5 Nf6 15. a4 Rf7 16. cxd6 cxd6 17. Nb5 g4 18. a5 a6 19. Bb6 Qe7 20. Nc7 g3 21. Nxa8 Nxd5 22. Qc2 Bd7 23. h3 Bxh3 24. gxh3 g2 25. Rf2 Ne3 26. Bxe3 fxe3 27. Rxg2 Qh4 28. Qc8+ Rf8 29. Qg4 1-0

[Event "Paracin Amateur op"]
[Site "Paracin"]
[Date "2020.02.02"]
[Round "4"]
[White "Bilic, Milanko"]
[Black "Cvetanovic, Uros"]
[Result "0-1"]
[WhiteElo "1898"]
[BlackElo "2230"]
[PlyCount "102"]
[EventDate "2020.01.31"]
[EventType "swiss"]
[EventRounds "9"]
[EventCountry "SRB"]
[SourceTitle "CBM 194 Extra"]
[Source "ChessBase"]
[SourceDate "2020.03.31"]
[SourceVersion "1"]
[SourceVersionDate "2020.03.31"]
[SourceQuality "1"]

1. e4 c5 2. c3 Nf6 3. e5 Nd5 4. Nf3 e6 5. d4 cxd4 6. cxd4 b6 7. a3 Bb7 8. Bd3 Nc6 9. 0-0 h6 10. Bd2 Rc8 11. Nc3 Nxc3 12. Bxc3 Ne7 13. Bb4 Nd5 14. Bxf8 Kxf8 15. Qd2 g5 16. Be4 g4 17. Ne1 Qg5 18. f4 gxf3 19. Qxg5 f2+ 20. Rxf2 hxg5 21. Nd3 Rh4 22. Re1 Ba6 23. Bxd5 Bxd3 24. Rd2 exd5 25. Rxd3 Rc2 26. b4 Ke7 27. Red1 Re4 28. Rf1 Rg4 29. Rf2 Rxf2 30. Kxf2 Re4 31. Rd1 d6 32. exd6+ Kxd6 33. Rd3 f5 34. h3 Ke6 35. Re3 f4 36. Rd3 Kf5 37. Kf3 Re1 38. a4 Ra1 39. a5 bxa5 40. bxa5 Rxa5 41. Rb3 Ra4 42. Rd3 a5 43. g4+ fxg3 44. Kxg3 Ke4 45. Rd1 Rxd4 46. Ra1 a4 47. Kg4 Rb4 48. Kxg5 d4 49. h4 d3 50. h5 d2 51. h6 Ke3 0-1

[Event "Vrnjacka Banja Gligoric Cup 6th"]
[Site "Vrnjacka Banja"]
[Date "2019.05.25"]
[Round "4.4"]
[White "Bilic, Milanko"]
[Black "Zivic, Dragan"]
[Result "0-1"]
[WhiteElo "2041"]
[BlackElo "2185"]
[PlyCount "70"]
[EventDate "2019.05.23"]
[EventType "team-swiss"]
[EventRounds "5"]
[EventCountry "SRB"]
[SourceTitle "CBM 190 Extra"]
[Source "ChessBase"]
[SourceDate "2019.07.15"]
[SourceVersion "1"]
[SourceVersionDate "2019.07.15"]
[SourceQuality "1"]
[WhiteTeam "Gajdobra Hercegovac"]
[BlackTeam "Nis Nais"]
[WhiteTeamCountry "SRB"]
[BlackTeamCountry "SRB"]

1. e4 c5 2. Nf3 e6 3. c3 d5 4. exd5 Qxd5 5. d4 Nf6 6. Na3 cxd4 7. Nb5 Na6 8. Qxd4 Bc5 9. Qc4 0-0 10. Bf4 Rd8 11. Qxd5 Nxd5 12. Rd1 Bd7 13. Bg3 f6 14. Bc4 Nb6 15. Be2 e5 16. 0-0 Be6 17. b3 Nd5 18. b4 Be7 19. a3 Nac7 20. Nxc7 Nxc7 21. c4 a5 22. Rxd8+ Rxd8 23. Rb1 axb4 24. axb4 Na6 25. c5 Nc7 26. Rc1 Nd5 27. b5 Rc8 28. c6 bxc6 29. bxc6 Ba3 30. Ra1 Bc5 31. Rc1 Rxc6 32. Bb5 Bxf2+ 33. Kxf2 Rxc1 34. Bd3 Nb4 35. Be2 Bc4 0-1

[Event "Vrnjacka Banja Gligoric Cup 6th"]
[Site "Vrnjacka Banja"]
[Date "2019.05.24"]
[Round "2.4"]
[White "Paroski, Sinisa"]
[Black "Bilic, Milanko"]
[Result "1-0"]
[WhiteElo "2170"]
[BlackElo "2041"]
[PlyCount "75"]
[EventDate "2019.05.23"]
[EventType "team-swiss"]
[EventRounds "5"]
[EventCountry "SRB"]
[SourceTitle "CBM 190 Extra"]
[Source "ChessBase"]
[SourceDate "2019.07.15"]
[SourceVersion "1"]
[SourceVersionDate "2019.07.15"]
[SourceQuality "1"]
[WhiteTeam "Srbobran"]
[BlackTeam "Gajdobra Hercegovac"]
[WhiteTeamCountry "SRB"]
[BlackTeamCountry "SRB"]

1. d4 Nf6 2. Bf4 g6 3. e3 Bg7 4. Nf3 d6 5. h3 0-0 6. Be2 Nfd7 7. Bh2 e5 8. 0-0 Nc6 9. c4 f5 10. Nc3 e4 11. Nd2 Nf6 12. Rc1 a6 13. a3 Bh6 14. Nb3 Qe7 15. Qd2 Bd7 16. c5 g5 17. Bc4+ Kh8 18. Rce1 Be8 19. Nd5 Nxd5 20. Bxd5 Bf7 21. Bxf7 Rxf7 22. cxd6 cxd6 23. Na5 Nxa5 24. Qxa5 Rg8 25. Qd5 Rg6 26. Re2 Re6 27. Rc1 f4 28. Rc8+ Kg7 29. Re1 f3 30. g4 Kg6 31. Rec1 Bg7 32. R1c7 Qf6 33. Qxb7 Ree7 34. Rxe7 Rxe7 35. Qd5 h5 36. Rc6 Kh7 37. Bxd6 Rd7 38. Qxe4+ 1-0

[Event "SRB-ch U18"]
[Site "Kragujevac"]
[Date "2019.05.04"]
[Round "8"]
[White "Bilic, Milanko"]
[Black "Damjanovic, Vuk"]
[Result "0-1"]
[WhiteElo "2041"]
[BlackElo "2220"]
[PlyCount "87"]
[EventDate "2019.04.29"]
[EventType "swiss"]
[EventRounds "9"]
[EventCountry "SRB"]
[SourceTitle "EXT 2022"]
[Source "ChessBase"]
[SourceDate "2021.10.06"]
[SourceVersion "1"]
[SourceVersionDate "2021.10.06"]
[SourceQuality "1"]

1. e4 d5 2. exd5 Qxd5 3. Nc3 Qd6 4. Bc4 Nf6 5. d3 a6 6. a4 g6 7. f4 Bg7 8. Nf3 0-0 9. Qe2 Nc6 10. h3 e6 11. Bd2 Bd7 12. a5 Nd4 13. Nxd4 Qxd4 14. Qf2 Qxf2+ 15. Kxf2 Bc6 16. Rhe1 Rfd8 17. g4 Nd5 18. Bxd5 Bxd5 19. Na4 f6 20. Bc3 h6 21. h4 Kf7 22. Re2 Bf8 23. b4 Bd6 24. Bd2 g5 25. Kg3 Rg8 26. c4 Bc6 27. c5 gxf4+ 28. Bxf4 Bxf4+ 29. Kxf4 e5+ 30. Ke3 Rxg4 31. Rf2 Ke6 32. Nc3 f5 33. Raf1 f4+ 34. Kd2 Rag8 35. Ne2 f3 36. Rxf3 Bxf3 37. Rxf3 Rxh4 38. Re3 Rxb4 39. Kc3 Rh4 40. d4 Rg5 41. Rd3 c6 42. dxe5 Rxe5 43. Rd6+ Ke7 44. Rg6 0-1

[Event "SRB-ch U18"]
[Site "Kragujevac"]
[Date "2019.05.02"]
[Round "5"]
[White "Omorjan, Dejan"]
[Black "Bilic, Milanko"]
[Result "1-0"]
[WhiteElo "2254"]
[BlackElo "2041"]
[PlyCount "69"]
[EventDate "2019.04.29"]
[EventType "swiss"]
[EventRounds "9"]
[EventCountry "SRB"]
[SourceTitle "EXT 2022"]
[Source "ChessBase"]
[SourceDate "2021.10.06"]
[SourceVersion "1"]
[SourceVersionDate "2021.10.06"]
[SourceQuality "1"]

1. e4 c5 2. Nf3 d6 3. d4 cxd4 4. Nxd4 Nf6 5. Nc3 a6 6. Rg1 e5 7. Nb3 Be6 8. g4 d5 9. exd5 Nxd5 10. Nxd5 Qxd5 11. Qxd5 Bxd5 12. Be3 Be7 13. 0-0-0 Bf3 14. Rd2 Nc6 15. Rg3 e4 16. Be2 Ne5 17. Nd4 Bxe2 18. Rxe2 0-0-0 19. Nf5 Bf6 20. g5 g6 21. Nh6 Bg7 22. Bf4 Nc4 23. Rb3 Bxh6 24. Rc3 Rd4 25. Be3 Bxg5 26. Bxg5 Rhd8 27. Bxd8 Kxd8 28. Rh3 h5 29. c3 Rd5 30. Rxe4 Ne5 31. Rd4 Rxd4 32. cxd4 Ng4 33. Rf3 Nxh2 34. Rxf7 g5 35. Rf5 1-0

[Event "SRB-ch U18"]
[Site "Kragujevac"]
[Date "2019.04.29"]
[Round "1"]
[White "Bilic, Milanko"]
[Black "Budisavljevic, Luka"]
[Result "0-1"]
[WhiteElo "2041"]
[BlackElo "2334"]
[PlyCount "114"]
[EventDate "2019.04.29"]
[EventType "swiss"]
[EventRounds "9"]
[EventCountry "SRB"]
[SourceTitle "EXT 2022"]
[Source "ChessBase"]
[SourceDate "2021.10.06"]
[SourceVersion "1"]
[SourceVersionDate "2021.10.06"]
[SourceQuality "1"]

1. e4 c5 2. Nf3 e6 3. c3 d5 4. exd5 Qxd5 5. d4 Nf6 6. Bd3 Be7 7. 0-0 0-0 8. Na3 Nc6 9. Nc2 Rd8 10. Qe2 b6 11. Bc4 Qf5 12. Bd3 Qd5 13. Bc4 Qd6 14. dxc5 bxc5 15. Bg5 Bb7 16. Rfd1 Qc7 17. a4 Na5 18. Ba2 c4 19. Ne3 Rac8 20. Nd4 Nd5 21. Nb5 Qc5 22. Nxd5 Bxg5 23. Ne3 Bc6 24. Rxd8+ Bxd8 25. Bxc4 Nxc4 26. Qxc4 Qxc4 27. Nxc4 Bxb5 28. Nd6 Ba6 29. Nxc8 Bxc8 30. Rd1 Bc7 31. b4 Kf8 32. c4 Ke7 33. c5 Bb7 34. b5 Bd5 35. a5 Kd7 36. f3 Kc8 37. b6 Bb8 38. Kf2 a6 39. Ke3 Be5 40. Kd3 Kb7 41. f4 Bxf4 42. Rf1 e5 43. g3 Bg5 44. h4 Bf6 45. Ke3 Be7 46. Rc1 g5 47. Kd3 gxh4 48. Re1 hxg3 49. Rxe5 Bf6 50. Rxd5 g2 51. Rd7+ Kc8 52. c6 g1Q 53. Rc7+ Kd8 54. Rd7+ Ke8 55. b7 Be5 56. c7 Bxc7 57. Rxc7 Qg3+ 0-1

[Event "Senta op 22nd"]
[Site "Senta"]
[Date "2018.07.18"]
[Round "6"]
[White "Nagy, Attila"]
[Black "Bilic, Milanko"]
[Result "0-1"]
[WhiteElo "2225"]
[BlackElo "2066"]
[PlyCount "124"]
[EventDate "2018.07.14"]
[EventType "swiss"]
[EventRounds "9"]
[EventCountry "SRB"]
[SourceTitle "CBM 185 Extra"]
[Source "ChessBase"]
[SourceDate "2018.07.29"]
[SourceVersion "1"]
[SourceVersionDate "2018.07.29"]
[SourceQuality "1"]

1. d4 d6 2. Nf3 Nf6 3. c4 g6 4. Nc3 Bg7 5. Bg5 0-0 6. e3 Nbd7 7. Be2 c6 8. 0-0 a6 9. Qc2 b5 10. b3 Nb6 11. a4 b4 12. Na2 c5 13. Rad1 Bf5 14. Bd3 Bxd3 15. Qxd3 Nbd7 16. Nc1 Qc7 17. d5 h6 18. Bh4 g5 19. Bg3 Nh5 20. Qf5 Nxg3 21. hxg3 Nf6 22. Rfe1 Qc8 23. e4 Qxf5 24. exf5 Rfe8 25. Re2 Ng4 26. Nh2 Nxh2 27. Kxh2 Bc3 28. g4 Kg7 29. Rd3 Bf6 30. Re4 Rh8 31. Rh3 Rac8 32. Ne2 Be5+ 33. g3 Rce8 34. f4 Bf6 35. Ng1 Reg8 36. Kg2 Kf8 37. Kf3 h5 38. fxg5 Rxg5 39. Rxh5 Rhxh5 40. gxh5 Rxf5+ 41. Kg2 Rxh5 42. Nf3 Rh6 43. g4 Rg6 44. Kg3 Ke8 45. Kf4 Bb2 46. g5 Kd7 47. Kf5 Rg8 48. Nh4 Be5 49. g6 Rg7 50. Rg4 Bd4 51. gxf7 Rxf7+ 52. Ke4 Rf2 53. Nf5 Bf6 54. Rg8 Rb2 55. Ra8 Rxb3 56. Rxa6 Rc3 57. Ra7+ Kd8 58. Ne3 b3 59. Rb7 b2 60. Nf1 Rxc4+ 61. Kd3 Rxa4 62. Nd2 Rd4+ 0-1

[Event "Paracin Summer op-A 11th"]
[Site "Paracin"]
[Date "2018.07.12"]
[Round "8"]
[White "Milanovic, Maja"]
[Black "Bilic, Milanko"]
[Result "0-1"]
[WhiteElo "1955"]
[BlackElo "2066"]
[PlyCount "124"]
[EventDate "2018.07.06"]
[EventType "swiss"]
[EventRounds "9"]
[EventCountry "SRB"]
[SourceTitle "EXT 2019"]
[Source "ChessBase"]
[SourceDate "2018.10.10"]
[SourceVersion "1"]
[SourceVersionDate "2018.10.10"]
[SourceQuality "1"]

1. e4 d6 2. d4 Nf6 3. Nc3 e5 4. dxe5 dxe5 5. Bd3 Bc5 6. h3 Be6 7. Nf3 h6 8. 0-0 Nbd7 9. a3 0-0 10. b4 Be7 11. Bb2 c6 12. Ne2 Qc7 13. Ng3 Rfe8 14. Qe2 Bf8 15. Bc4 a5 16. Bxe6 Rxe6 17. Qc4 b5 18. Qb3 c5 19. bxa5 c4 20. Qc3 Rxa5 21. Rfd1 Ra4 22. Bc1 Qa7 23. Rb1 Qa6 24. Rb4 Bxb4 25. axb4 Qc6 26. Re1 Qd6 27. Bd2 Qa6 28. Bc1 Ra2 29. Nh4 Qa4 30. Bb2 g6 31. Nf3 Qa6 32. Bc1 Kg7 33. Nh4 Ng8 34. Nf3 f6 35. Rd1 Rd6 36. Re1 Nb6 37. Nxe5 fxe5 38. Qxe5+ Rf6 39. Rd1 Nc8 40. Rd7+ Nce7 41. Bb2 Kf7 42. Qd5+ Qe6 43. Bxf6 Qxd5 44. exd5 Nxf6 45. Rb7 Nfxd5 46. Rxb5 Rxc2 47. Ne4 Rb2 48. Nd6+ Ke6 49. Nxc4 Rxb4 50. Rxb4 Nxb4 51. g3 Nc2 52. Kg2 Nd5 53. Kf3 Nd4+ 54. Ke4 Nf5 55. Nd2 Nc3+ 56. Kd3 Nd5 57. Ke4 Nd6+ 58. Kd4 Nf6 59. Kd3 Nf7 60. h4 h5 61. Ke2 Ne5 62. Nf1 Nd5 0-1

[Event "SRB-ch U18"]
[Site "Novi Sad"]
[Date "2018.04.04"]
[Round "3"]
[White "Savic, Mihailo S"]
[Black "Bilic, Milanko"]
[Result "0-1"]
[WhiteElo "2094"]
[BlackElo "1970"]
[PlyCount "58"]
[EventDate "2018.04.02"]
[EventType "tourn"]
[EventRounds "7"]
[EventCountry "SRB"]
[SourceTitle "EXT 2019"]
[Source "ChessBase"]
[SourceDate "2018.10.10"]
[SourceVersion "1"]
[SourceVersionDate "2018.10.10"]
[SourceQuality "1"]

1. e4 c5 2. Nf3 d6 3. Bb5+ Bd7 4. c4 g6 5. 0-0 Bg7 6. Nc3 Nf6 7. d4 cxd4 8. Nxd4 0-0 9. Qe2 a6 10. Bxd7 Qxd7 11. Rd1 Nc6 12. Nb3 Qc7 13. Nd5 Nxd5 14. cxd5 Na5 15. Be3 Nxb3 16. axb3 Rfc8 17. f3 Qc2 18. Rd2 Qxb3 19. Rad1 Rc4 20. g3 Rac8 21. Rf1 Rc2 22. Rf2 Rxd2 23. Qxd2 Bxb2 24. Bg5 Bc1 25. Qxc1 Rxc1+ 26. Bxc1 a5 27. Rf1 a4 28. Bh6 f6 29. Rc1 g5 0-1

[Event "SRB-ch sf"]
[Site "Zrenjanin"]
[Date "2018.02.21"]
[Round "8"]
[White "Bilic, Milanko"]
[Black "Petrusic, Velimir"]
[Result "1-0"]
[WhiteElo "1945"]
[BlackElo "2163"]
[PlyCount "65"]
[EventDate "2018.02.16"]
[EventType "swiss"]
[EventRounds "9"]
[EventCountry "SRB"]
[SourceTitle "CBM 183 Extra"]
[Source "ChessBase"]
[SourceDate "2018.04.19"]
[SourceVersion "1"]
[SourceVersionDate "2018.04.19"]
[SourceQuality "1"]

1. e4 Nc6 2. Nf3 e6 3. d4 d5 4. Nc3 Nf6 5. Bg5 Be7 6. e5 Ne4 7. Bxe7 Qxe7 8. a3 Nxc3 9. bxc3 0-0 10. Bd3 f6 11. Qe2 Bd7 12. 0-0 Na5 13. Nd2 c5 14. Nb3 b6 15. dxc5 Nxb3 16. cxb3 bxc5 17. c4 Rab8 18. exf6 Qxf6 19. Rac1 d4 20. Qh5 g6 21. Qxc5 Rxb3 22. Bc2 Rf3 23. gxf3 Qxf3 24. Bd1 Qe4 25. Rc2 Rf5 26. Qe7 Bc6 27. f3 Qe3+ 28. Rcf2 d3 29. Qb4 Qg5+ 30. Kh1 Qh4 31. Qb8+ Rf8 32. Qd6 Qxc4 33. Bb3 1-0

[Event "SRB-ch sf"]
[Site "Zrenjanin"]
[Date "2018.02.17"]
[Round "2"]
[White "Omorjan, Dejan"]
[Black "Bilic, Milanko"]
[Result "1/2-1/2"]
[WhiteElo "2233"]
[BlackElo "1945"]
[PlyCount "89"]
[EventDate "2018.02.16"]
[EventType "swiss"]
[EventRounds "9"]
[EventCountry "SRB"]
[SourceTitle "CBM 183 Extra"]
[Source "ChessBase"]
[SourceDate "2018.04.19"]
[SourceVersion "1"]
[SourceVersionDate "2018.04.19"]
[SourceQuality "1"]

1. d4 Nf6 2. c4 g6 3. Nc3 Bg7 4. e4 d6 5. Nf3 0-0 6. h3 e5 7. d5 a5 8. Be3 Na6 9. g4 Nd7 10. Rg1 Ndc5 11. a3 Bd7 12. Qc2 a4 13. Nd2 Kh8 14. g5 f5 15. f3 f4 16. Bf2 Rf7 17. h4 Bf8 18. Rh1 Kg8 19. Bh3 Bxh3 20. Rxh3 Qd7 21. Rh2 Nb8 22. Ke2 Qd8 23. Bxc5 dxc5 24. Nxa4 Bd6 25. b3 Nd7 26. Nb2 Rg7 27. Nd3 Qe7 28. Rg2 Kf7 29. Qb2 b6 30. Rag1 Rgg8 31. Nf1 Rh8 32. h5 gxh5 33. Rh1 Rag8 34. Rxh5 h6 35. g6+ Rxg6 36. Rxg6 Kxg6 37. Rh1 Qf6 38. Ke1 Kf7 39. Qh2 Ra8 40. Qb2 Qg5 41. a4 Rg8 42. Qh2 Rg6 43. Nf2 Nf6 44. Qh3 h5 45. Qh2 1/2-1/2

[Event "Budapest Gyorgy Memorial 2nd"]
[Site "Budapest"]
[Date "2017.10.14"]
[Round "4.4"]
[White "Damian, Marchel"]
[Black "Bilic, Milanko"]
[Result "0-1"]
[WhiteElo "1757"]
[BlackElo "1953"]
[PlyCount "158"]
[EventDate "2017.10.12"]
[EventType "swiss"]
[EventRounds "7"]
[EventCountry "HUN"]
[SourceTitle "EXT 2019"]
[Source "ChessBase"]
[SourceDate "2018.10.10"]
[SourceVersion "1"]
[SourceVersionDate "2018.10.10"]
[SourceQuality "1"]

1. d4 Nf6 2. c4 g6 3. Nc3 Bg7 4. Bg5 0-0 5. Nf3 d6 6. h3 Nbd7 7. e3 c6 8. Rc1 Qc7 9. Bd3 e5 10. 0-0 Re8 11. dxe5 dxe5 12. Qc2 a5 13. Rfd1 Nc5 14. Bxf6 Bxf6 15. Ne4 Nxe4 16. Bxe4 Bg7 17. g4 Rf8 18. Nd2 Be6 19. b3 f5 20. gxf5 gxf5 21. Bg2 Bf6 22. Nf3 Rfd8 23. Rxd8+ Rxd8 24. Rd1 Kf7 25. Kf1 Ke7 26. Ke2 Rxd1 27. Qxd1 Qd6 28. Qc2 Qc5 29. Qd2 Qb6 30. Qb2 e4 31. Qa3+ Kf7 32. Nd2 Qd8 33. Bf1 Bh4 34. Ke1 Bxf2+ 35. Kxf2 Qxd2+ 36. Be2 f4 37. exf4 Qxf4+ 38. Ke1 e3 39. Qxa5 Qh4+ 40. Kd1 Qd4+ 41. Kc2 Kf6 42. Qc3 Ke5 43. Qxd4+ Kxd4 44. h4 Bf5+ 45. Kd1 Bb1 46. Kc1 Bf5 47. h5 h6 48. Kd1 Kc3 49. Kc1 Be4 50. c5 Kb4 51. Kb2 Kxc5 52. Kc3 b5 53. a4 b4+ 54. Kb2 Kd4 55. a5 Bd3 56. a6 c5 57. Bxd3 Kxd3 58. a7 e2 59. a8Q e1Q 60. Qd5+ Ke2 61. Qe5+ Kd1 62. Qxc5 Qd2+ 63. Kb1 Qd3+ 64. Kb2 Qd2+ 65. Kb1 Qc3 66. Qg1+ Qe1 67. Qd4+ Qd2 68. Qg1+ Ke2 69. Qg2+ Ke3 70. Qg3+ Kd4 71. Qd6+ Kc3 72. Qxd2+ Kxd2 73. Kb2 Kd3 74. Kb1 Kc3 75. Ka2 Kc2 76. Ka1 Kxb3 77. Kb1 Ka3 78. Ka1 b3 79. Kb1 b2 0-1

[Event "Budapest Gyorgy Memorial 2nd"]
[Site "Budapest"]
[Date "2017.10.13"]
[Round "2.3"]
[White "Bilic, Milanko"]
[Black "Galuszka, Tomasz"]
[Result "1/2-1/2"]
[WhiteElo "1953"]
[BlackElo "1934"]
[PlyCount "129"]
[EventDate "2017.10.12"]
[EventType "swiss"]
[EventRounds "7"]
[EventCountry "HUN"]
[SourceTitle "EXT 2019"]
[Source "ChessBase"]
[SourceDate "2018.10.10"]
[SourceVersion "1"]
[SourceVersionDate "2018.10.10"]
[SourceQuality "1"]

1. e4 Nc6 2. Nf3 d5 3. exd5 Qxd5 4. Nc3 Qh5 5. Be2 Bg4 6. 0-0 0-0-0 7. h3 Bd7 8. d4 Qg6 9. Bd3 Qh5 10. a3 Nf6 11. Be2 Bxh3 12. Ne5 Qh4 13. Nxc6 bxc6 14. gxh3 Rxd4 15. Bg4+ Rxg4+ 16. hxg4 h5 17. Kg2 Nxg4 18. Bf4 e5 19. Bg3 Qg5 20. Kh1 f5 21. Qf3 h4 22. Bh2 Bd6 23. Rg1 Nxh2 24. Kxh2 e4+ 25. Kh3 Qf6 26. Nxe4 fxe4 27. Qxf6 gxf6 28. Rg6 Be5 29. Rag1 Bxb2 30. Rg8+ Rxg8 31. Rxg8+ Kd7 32. a4 Bd4 33. Rg2 Ke6 34. Kxh4 Kf5 35. Kg3 Be5+ 36. Kh3 Bd4 37. Rh2 Kf4 38. Kg2 a5 39. Rh4+ Ke5 40. Kf1 e3 41. fxe3 Bxe3 42. Ke2 Bb6 43. Rh8 Kd4 44. Rh3 Kc4 45. Rf3 Kb4 46. Kd3 Kxa4 47. Kc4 f5 48. Rxf5 Ka3 49. Rf6 Kb2 50. Rxc6 a4 51. Kb4 a3 52. Rh6 a2 53. c4 Ba5+ 54. Kxa5 a1Q+ 55. Kb5 Qg1 56. Rc6 Qg3 57. Ka6 Kb3 58. Kb7 Kb4 59. Rxc7 Qf3+ 60. Kb6 Qa8 61. c5 Qa5+ 62. Kb7 Kb5 63. Rc6 Qa1 64. Rc7 Qa6+ 65. Kb8 1/2-1/2

[Event "SRB-ch U16"]
[Site "Kragujevac"]
[Date "2017.04.14"]
[Round "6"]
[White "Bilic, Milanko"]
[Black "Ivic, Velimir"]
[Result "0-1"]
[WhiteElo "1859"]
[BlackElo "2354"]
[PlyCount "48"]
[EventDate "2017.04.11"]
[EventType "swiss"]
[EventRounds "9"]
[EventCountry "SRB"]
[SourceTitle "EXT 2019"]
[Source "ChessBase"]
[SourceDate "2018.10.10"]
[SourceVersion "1"]
[SourceVersionDate "2018.10.10"]
[SourceQuality "1"]

1. e4 c5 2. Nf3 e6 3. d4 cxd4 4. Nxd4 Nf6 5. Nc3 d6 6. Bc4 a6 7. Bb3 Nbd7 8. Bg5 Nc5 9. f4 Be7 10. Qe2 h6 11. Bxf6 Bxf6 12. 0-0-0 Qc7 13. Rhe1 0-0 14. g4 b5 15. g5 hxg5 16. e5 dxe5 17. fxe5 Be7 18. h4 Bb7 19. Kb1 Rad8 20. Qh5 Nxb3 21. axb3 Bc5 22. hxg5 Rxd4 23. Rxd4 Bxd4 24. Re2 g6 0-1

[Event "SRB-ch U16"]
[Site "Kragujevac"]
[Date "2017.04.13"]
[Round "4"]
[White "Stefanovic, Ognjen"]
[Black "Bilic, Milanko"]
[Result "1-0"]
[WhiteElo "2051"]
[BlackElo "1859"]
[PlyCount "57"]
[EventDate "2017.04.11"]
[EventType "swiss"]
[EventRounds "9"]
[EventCountry "SRB"]
[SourceTitle "EXT 2019"]
[Source "ChessBase"]
[SourceDate "2018.10.10"]
[SourceVersion "1"]
[SourceVersionDate "2018.10.10"]
[SourceQuality "1"]

1. e4 c5 2. Nf3 d6 3. c3 Nf6 4. Be2 Nbd7 5. d3 b6 6. 0-0 Bb7 7. Nbd2 e6 8. Re1 Be7 9. Bf1 0-0 10. d4 Rc8 11. e5 Nd5 12. Ne4 cxd4 13. exd6 Bf6 14. Nxf6+ N7xf6 15. Qxd4 Rc6 16. Bg5 Rxd6 17. Red1 b5 18. Bxb5 Qb6 19. c4 Rdd8 20. Qxb6 Nxb6 21. c5 Rxd1+ 22. Rxd1 Bxf3 23. gxf3 Nbd5 24. Ba6 Ne8 25. c6 Nec7 26. Bd2 Nb6 27. Bf4 Nbd5 28. Bxc7 Nxc7 29. Rd7 1-0

[Event "Budapest Gyorgy Memorial 1st"]
[Site "Budapest"]
[Date "2016.11.12"]
[Round "4.2"]
[White "Stabulnieks, Klavs"]
[Black "Bilic, Milanko"]
[Result "1/2-1/2"]
[WhiteElo "2172"]
[BlackElo "1798"]
[PlyCount "158"]
[EventDate "2016.11.10"]
[EventType "swiss"]
[EventRounds "7"]
[EventCountry "HUN"]
[SourceTitle "EXT 2018"]
[Source "ChessBase"]
[SourceDate "2017.10.13"]
[SourceVersion "1"]
[SourceVersionDate "2017.10.13"]
[SourceQuality "1"]

1. d4 Nf6 2. c4 g6 3. Nc3 Bg7 4. e4 d6 5. f3 c6 6. Be3 a6 7. Nge2 Nbd7 8. Qd2 h5 9. Rd1 Qa5 10. Nc1 b5 11. Nb3 Qc7 12. cxb5 cxb5 13. Rc1 Qd8 14. Be2 0-0 15. 0-0 e5 16. Rfd1 Bb7 17. dxe5 dxe5 18. Qe1 Rc8 19. Nc5 Rc7 20. Bxb5 Qe7 21. Bxd7 Nxd7 22. Nxd7 Rxd7 23. Rxd7 Qxd7 24. Rd1 Qc7 25. Qd2 Bc6 26. Qd6 Qb7 27. Rd2 Re8 28. Qc5 Bf8 29. Qb6 Bh6 30. Re2 Bxe3+ 31. Qxe3 Rd8 32. Qc5 Bb5 33. Nxb5 axb5 34. Kf2 Qb8 35. Rc2 Qa8 36. b3 Qb8 37. Ke2 Kg7 38. b4 Kg8 39. a3 Qa8 40. Qe3 Qa4 41. Rd2 Rc8 42. Kf2 Rc2 43. Rxc2 Qxc2+ 44. Kg3 Qb2 45. Qc5 Qxa3 46. Qxb5 Qc3 47. Qe8+ Kg7 48. Qe7 Qb2 49. Qc5 Qa1 50. b5 g5 51. Qe3 Kg6 52. b6 Qb1 53. h3 h4+ 54. Kh2 Qb4 55. Qf2 Qb1 56. Qc5 f6 57. Qe3 Qb4 58. Qf2 Qb5 59. g3 hxg3+ 60. Kxg3 Qb4 61. h4 gxh4+ 62. Kxh4 Qb1 63. Kg3 Qb4 64. Qe3 Qb5 65. Kh4 Qb1 66. Kg3 Qb5 67. Qf2 Qb4 68. Qg1 Qb3 69. Qc5 Qb1 70. Qf2 Qb4 71. Kh4 Qb1 72. Qc5 Qh1+ 73. Kg3 Qe1+ 74. Kg4 Qb1 75. Qf2 Qb4 76. Qg1 Qb2 77. Kh4+ Kh6 78. Qe3+ Kg6 79. Kg3 Qb4 1/2-1/2

[Event "Budapest Gyorgy Memorial 1st"]
[Site "Budapest"]
[Date "2016.11.11"]
[Round "2.1"]
[White "Egyed, Judit"]
[Black "Bilic, Milanko"]
[Result "1-0"]
[WhiteElo "2006"]
[BlackElo "1798"]
[PlyCount "71"]
[EventDate "2016.11.10"]
[EventType "swiss"]
[EventRounds "7"]
[EventCountry "HUN"]
[SourceTitle "EXT 2018"]
[Source "ChessBase"]
[SourceDate "2017.10.13"]
[SourceVersion "1"]
[SourceVersionDate "2017.10.13"]
[SourceQuality "1"]

1. e4 c5 2. Nf3 d6 3. d4 cxd4 4. Nxd4 Nf6 5. Nc3 a6 6. h3 e6 7. g4 d5 8. Bg5 dxe4 9. Bxf6 Qxf6 10. Qd2 Bb4 11. 0-0-0 0-0 12. Nb3 Bd7 13. Bg2 Bc6 14. Rhe1 e3 15. fxe3 Bxc3 16. bxc3 Bxg2 17. Qxg2 Nc6 18. Kb2 Ne5 19. Rd4 b5 20. Rf1 Qe7 21. Nd2 Rab8 22. Qe4 Qc5 23. Nb1 Nc6 24. Rd3 b4 25. c4 Na5 26. Nd2 Nc6 27. Nb3 Qe5+ 28. Qxe5 Nxe5 29. Rd4 Rbd8 30. c5 Nc6 31. Rd6 Rxd6 32. cxd6 Rd8 33. Rd1 a5 34. Nc5 Kf8 35. Kb3 Rb8 36. Nd7+ 1-0

[Event "Palic Karadzic Memorial op"]
[Site "Palic"]
[Date "2016.11.02"]
[Round "7"]
[White "Szabo, Nikita"]
[Black "Bilic, Milanko"]
[Result "0-1"]
[WhiteElo "1689"]
[BlackElo "1798"]
[PlyCount "82"]
[EventDate "2016.10.29"]
[EventType "swiss"]
[EventRounds "9"]
[EventCountry "SRB"]
[SourceTitle "CBM 175 Extra"]
[Source "ChessBase"]
[SourceDate "2016.12.12"]
[SourceVersion "1"]
[SourceVersionDate "2016.12.12"]
[SourceQuality "1"]

1. d4 Nf6 2. Nf3 g6 3. c4 Bg7 4. Nc3 0-0 5. e4 d6 6. h3 e5 7. d5 a5 8. Be3 Na6 9. a3 Bd7 10. Bd3 Nh5 11. Qd2 f5 12. Bh6 Nc5 13. Bc2 f4 14. Bxg7 Nxg7 15. 0-0-0 Ne8 16. Qe2 c6 17. g4 Rb8 18. dxc6 bxc6 19. Na4 Nxa4 20. Bxa4 Qe7 21. Qd3 c5 22. Bxd7 Qxd7 23. Nxe5 Qb7 24. Qd5+ Qxd5 25. exd5 dxe5 26. d6 Rd8 27. Rd5 Nxd6 28. Rxc5 Rc8 29. Rxa5 Nxc4 30. Ra7 Nxa3+ 31. Kd2 Rfd8+ 32. Ke2 e4 33. Rxa3 Rc2+ 34. Kf1 Rxb2 35. Kg2 Rdd2 36. Rf1 e3 37. Ra8+ Kf7 38. Ra7+ Kf6 39. Ra4 Rxf2+ 40. Rxf2 Rxf2+ 41. Kg1 Kg5 0-1